Normal view
MARC view
- الاطفال ذوي النشاط الزائد-الانتباه-علم النفس التربوي
Entry Topical Term
001 - CONTROL NUMBER
- control field: 63266
003 - CONTROL NUMBER IDENTIFIER
- control field: JO-AjAnu
005 - DATE AND TIME OF LATEST TRANSACTION
- control field: 20230606084328.0
008 - FIXED-LENGTH DATA ELEMENTS
- fixed length control field: 230606|| aca||aabn | a|a d
040 ## - CATALOGING SOURCE
- Original cataloging agency: JO-AjAnu
- Transcribing agency: JO-AjAnu
150 ## - HEADING--TOPICAL TERM
- Topical term or geographic name entry element: الاطفال ذوي النشاط الزائد-الانتباه-علم النفس التربوي
670 ## - SOURCE DATA FOUND
- Source citation: Work cat.: (JO-AjAnu)32255: اعداد الهزايمة، مؤيد فيصل محمود؛ اشراف محمد احمد شحاده العمري, author 63265, فاعلية برنامج تدريبي قائم على الانشطة الرياضية للحد من الشاط الزائد وتشتت الانتباه لدى الطلبة ذوي صعوبات التعلم = The Effectiveness of a Training Program Based on Sports Activities to Reduce Hyperactivity Disorder and Attention Deficit for Students With L